Woman physiologically considered as to mind, morals, marriage matrimonial slavery : (Record no. 65192)

MARC details
000 -LEADER
fixed length control field 00622nam a22001577a 4500
005 - DATE AND TIME OF LATEST TRANSACTION
control field 20120418115032.0
020 ## - INTERNATIONAL STANDARD BOOK NUMBER
Terms of availability 395.00
035 ## - SYSTEM CONTROL NUMBER
System control number B-128215
037 ## - SOURCE OF ACQUISITION
Stock number DPL
Source of stock number/acquisition ENG
100 ## - MAIN ENTRY--PERSONAL NAME
Personal name Walker, Alexander
245 ## - TITLE STATEMENT
Title Woman physiologically considered as to mind, morals, marriage matrimonial slavery :
Remainder of title Infidelity and divorce /
Statement of responsibility, etc by Alexander Walker
260 ## - PUBLICATION, DISTRIBUTION, ETC. (IMPRINT)
Place of publication, distribution, etc New Delhi
Name of publisher, distributor, etc Mittal Publications
Date of publication, distribution, etc 2003
300 ## - PHYSICAL DESCRIPTION
Extent xvi, 304p.
Dimensions 20 cms.
942 ## - ADDED ENTRY ELEMENTS (KOHA)
Source of classification or shelving scheme Dewey Decimal Classification
Item type English Books
Classification part 305.42
Call number suffix WAL
Holdings
Withdrawn status Lost status Not for loan Collection code Home library Current library Date acquired Cost, normal purchase price Full call number Barcode Cost, replacement price Koha item type
      Non-fiction Sarojini Nagar Sarojini Nagar 18/04/2012 395.00 305.42 WAL B-128215 395.00 English Books

© Delhi Public Library
Hit Counter
free hit counter